English literature of the East and the West: Critical assessments (Record no. 171784)

MARC details
000 -LEADER
fixed length control field 00411nam a2200145Ia 4500
008 - FIXED-LENGTH DATA ELEMENTS--GENERAL INFORMATION
fixed length control field 230917s9999||||xx |||||||||||||| ||und||
040 ## - CATALOGING SOURCE
-- 203522
Original cataloging agency VIVEKANANDA LIBRARY
041 ## - Language
-- English
082 ## - DDC NUMBER
Classification number 820.9 S38E
100 ## - MAIN ENTRY--PERSONAL NAME
Personal name Srivastava, Ajay Kumar
245 #0 - TITLE STATEMENT
Title English literature of the East and the West: Critical assessments
260 ## - PUBLICATION, DISTRIBUTION, ETC. (IMPRINT)
Place of publication, distribution, etc New Delhi
Name of publisher, distributor, etc Sarup Book Publishers
Date of publication, distribution, etc 2011
300 ## - PHYSICAL DESCRIPTION
Pages x, 227 p.
942 ## - ADDED ENTRY ELEMENTS (KOHA)
Koha item type Books
Holdings
Withdrawn status Lost status Damaged status Not for loan Location (home branch) Sublocation or collection (holding branch) Date acquired Koha issues (times borrowed) Koha full call number Accession No. Koha date last seen Koha item type
        VIVEKANANDA LIBRARY VIVEKANANDA LIBRARY 31/10/2012   820.9 S38E 321641 17/09/2023 Books
© Designed and Maintained by Vivekananda Library, MDU Rohtak